书目信息 |
| 题名: |
氧同位素地球化学译文集
|
|
| 作者: | ;中国科学院地球化学研究所 编 | |
| 分册: | ||
| 出版信息: | 北京 科学技术文献出版社 1979 |
|
| 页数: | 423页 | |
| 开本: | 26cm | |
| 丛书名: | ||
| 单 册: | ||
| 中图分类: | P595 | |
| 科图分类: | ||
| 主题词: | 氧同位素-地球化学--文集 , 地球化学-氧同位素--文集 | |
| 电子资源: | ||
| ISBN: | ||
| 000 | 00763nam0 2200229 45 | |
| 001 | 0179003000 | |
| 005 | 20060413145600.53 | |
| 010 | @dCNY2.20 | |
| 091 | @a13176.64 | |
| 100 | @a19950726d1979 kemy0chiy0121 ea | |
| 101 | 1 | @achi |
| 102 | @aCN@b110000 | |
| 105 | @ay z 000yy | |
| 200 | 10 | @a氧同位素地球化学译文集@Ayang tong wei su di qiu hua xue yi wen ji@f中国科学院地球化学研究所编@Fzhong guo ke xue yuan di qiu hua xue yan jiu suo bian |
| 210 | @a北京@c科学技术文献出版社@d1979 | |
| 215 | @a423页@d26cm | |
| 606 | @a氧同位素-地球化学@x文集 | |
| 606 | @a地球化学-氧同位素@x文集 | |
| 690 | @aP595@v4 | |
| 711 | 02 | @a中国科学院地球化学研究所@Azhong guo ke xue yuan di qiu hua xue yan jiu suo@4编 |
| 801 | 0 | @aCN@bTSSF@c20060413 |
| 905 | @a10447@dP595@e1 | |
| 氧同位素地球化学译文集/中国科学院地球化学研究所编.-北京:科学技术文献出版社,1979 |
| 423页;26cm |
| ISBN :CNY2.20 |
| ● |
| 相关链接 |
|
|
|
|
正题名:氧同位素地球化学译文集
索取号:P595/1
 
预约/预借
| 序号 | 登录号 | 条形码 | 馆藏地/架位号 | 状态 | 备注 |
| 1 | 0015643 | 202254960 | 密集书库/ [索取号:P595/1] | 在馆 |